| 000 | 00638nam a22002057a 4500 | ||
|---|---|---|---|
| 003 | OSt | ||
| 005 | 20240702070228.0 | ||
| 008 | 240702b |||||||| |||| 00| 0 eng d | ||
| 020 | _a9789719919995 | ||
| 040 |
_aDWC- Main Lib _cOC |
||
| 082 | _aFil. 332.1 L214f 2015 | ||
| 100 | _aLaman, Rose Marie B. | ||
| 245 |
_aFinancial system, market and management / _cRose Marie B. Laman. |
||
| 250 | _a2015 edition | ||
| 260 |
_aManila : _bGIC Enterprises & Co., _cc2015. |
||
| 300 |
_axviii, 516 pages: _billustrations ; _c23cm. |
||
| 504 | _aIncludes bibliographical references. | ||
| 650 | _a1. Financial System | ||
| 942 |
_2ddc _cBK - FIL _n1 |
||
| 999 |
_c1811 _d1811 |
||